Iraq : Selected Issues.

This Selected Issues paper discusses the need to reduce Iraq's current expenditure to create fiscal space for inclusive growth. Iraq's public spending is high in international comparison and is driven by its two largest components: compensation of public employees and social transfers. The...

Fuld beskrivelse

Bibliografiske detaljer
Institution som forfatter: International Monetary Fund. Middle East and Central Asia Dept
Format: Tidsskrift
Sprog:English
Udgivet: Washington, D.C. : International Monetary Fund, 2017.
Serier:IMF Staff Country Reports; Country Report ; No. 2017/252
Online adgang:Full text available on IMF
LEADER 01782cas a2200241 a 4500
001 AALejournalIMF017882
008 230101c9999 xx r poo 0 0eng d
020 |c 5.00 USD 
020 |z 9781484314999 
022 |a 1934-7685 
040 |a BD-DhAAL  |c BD-DhAAL 
110 2 |a International Monetary Fund.  |b Middle East and Central Asia Dept. 
245 1 0 |a Iraq :   |b Selected Issues. 
264 1 |a Washington, D.C. :  |b International Monetary Fund,  |c 2017. 
300 |a 1 online resource (30 pages) 
490 1 |a IMF Staff Country Reports 
500 |a <strong>Off-Campus Access:</strong> No User ID or Password Required 
500 |a <strong>On-Campus Access:</strong> No User ID or Password Required 
506 |a Electronic access restricted to authorized BRAC University faculty, staff and students 
520 3 |a This Selected Issues paper discusses the need to reduce Iraq's current expenditure to create fiscal space for inclusive growth. Iraq's public spending is high in international comparison and is driven by its two largest components: compensation of public employees and social transfers. The reform of social welfare cash transfer programs promises to improve their large targeting errors and result in greater capacity to address poverty at a lower fiscal cost. The government also needs to introduce further amendments to the draft pension bill and critically review programs benefiting victims of war and political persecution to improve their targeting and limit their potential for abuse and a negative impact on the labor supply. 
538 |a Mode of access: Internet 
830 0 |a IMF Staff Country Reports; Country Report ;  |v No. 2017/252 
856 4 0 |z Full text available on IMF  |u http://elibrary.imf.org/view/journals/002/2017/252/002.2017.issue-252-en.xml  |z IMF e-Library